Networking in support of development course

में बचाया:
ग्रंथसूची विवरण
निगमित लेखक: FAO.
स्वरूप: सीडी
भाषा:English
प्रकाशित: [S.l] : [s.n], 2007.
टैग : टैग जोड़ें
कोई टैग नहीं, इस रिकॉर्ड को टैग करने वाले पहले व्यक्ति बनें!
Thư viện lưu trữ: Thư viện Trường Đại học Đà Lạt
LEADER 00637nam a2200277 4500
001 DLU110128232
005 ##20111118
040 # # |a DLU  |b vie 
041 # # |a eng 
044 # # |a vn 
082 # # |a 630.285  |b FAO 
110 # # |a FAO. 
245 # # |a Networking in support of development course   |h [Đĩa CD-ROM] /  |c FAO. 
256 # # |a 4 3/4 in. 
260 # # |a [S.l] :  |b [s.n],  |c 2007. 
300 # # |a 1 đĩa CD-ROM ;  |c 4 3/4 in. 
923 # # |a 22/2011 
992 # # |a 0 
994 # # |a DLU 
900 # # |a True 
911 # # |a Nguyễn Thanh Hương 
925 # # |a CD 
926 # # |a A 
927 # # |a CD 
980 # # |a Thư viện Trường Đại học Đà Lạt